| 000 | 00502nam a22001937a 4500 | ||
|---|---|---|---|
| 003 | MPLRDC | ||
| 005 | 20220104124415.0 | ||
| 008 | 210129b ||||| |||| 00| 0 eng d | ||
| 020 | _a957-754-917-9 | ||
| 082 | _a782.871 SZ-4 | ||
| 100 | _a王湜华 | ||
| 245 |
_a皇太极后妃传奇 _c |
||
| 250 | _a初版 | ||
| 260 |
_a台湾 _b新潮社文化事业有限公司 _c2001 |
||
| 300 | _b315 | ||
| 490 | _a清代后妃传奇: 2 | ||
| 650 | _a中国清代人物传记 | ||
| 942 |
_cBK _o782.871 SZ-4 |
||
| 999 |
_c19086 _d19076 |
||